| 000 | 01357nac a22003491i 4500 | ||
|---|---|---|---|
| 003 | EG-ScBUE | ||
| 005 | 20250219100439.0 | ||
| 008 | 150831t1974 nyua f 001 0 eng d | ||
| 020 | _a0070990093 | ||
| 020 | _a9780070990098 | ||
| 040 |
_aEG-ScBUE _beng _erda _cEG-ScBUE _dEG-ScBUE |
||
| 082 | 0 | 4 |
_a515.63 _bSPI _222 |
| 100 | 1 |
_aSpiegel, Murray R., _eauthor. |
|
| 245 | 1 | 0 |
_aSchaum's outline of theory and problems of vector analysis and an introduction to tensor analysis / _cby Murray R. Spiegel, Ph.D., Professor of Mathematics, Rensselaer Polytechnic Institute. |
| 246 | 3 | 4 | _aTheory and problems of vector analysis and an introduction to tensor analysis |
| 250 | _aVector analysis, si (Metric) edition. | ||
| 264 | 1 |
_aNew York : _bMcGraw-Hill Book Company, _c[1974] |
|
| 264 | 4 | _cc1974 | |
| 300 |
_a225 pages : _billustrations ; _c28 cm. |
||
| 336 |
_2rdacontent _atext _btxt |
||
| 337 |
_aunmediated _2rdamedia _bn |
||
| 338 |
_avolume _bnc _2rdacarrier |
||
| 490 | 0 | _aSchaum's outline series | |
| 500 | _aOriginally published : New York : Schaum Pub. Co., 1959. | ||
| 500 | _aIncludes index. | ||
| 590 | _aMenna elemam | ||
| 650 | 7 |
_aVector analysis. _2BUEsh |
|
| 653 |
_bCOMSCI _cAugust2015 |
||
| 655 | _vReading book | ||
| 856 | 4 | 2 |
_3Publisher description _uhttp://www.loc.gov/catdir/description/mh031/2002282198.html |
| 942 |
_cBB _2ddc |
||
| 999 |
_c1272 _d1272 |
||